Medición de coeficientes de actividad a dilución infinita en trigliceridos /
Guardado en:
| Otros Autores: | |
|---|---|
| Formato: | Manuscrito |
| Idioma: | Spanish |
| Publicado: |
1995.
|
| Materias: | |
| Etiquetas: |
Agregar Etiqueta
Sin Etiquetas, Sea el primero en etiquetar este registro!
|
| LEADER | 01008ntm a22002535a 4500 | ||
|---|---|---|---|
| 001 | EIQ.libpla002591 | ||
| 008 | 070704s1995####ag#a#####bm###000#0#spa#d | ||
| 005 | 20070704161102.0 | ||
| 245 | 1 | 0 | |a Medición de coeficientes de actividad a dilución infinita en trigliceridos / |c Clara Cristina Din. |
| 260 | |c 1995. | ||
| 300 | |a 84 p. : |b il. ; |c 21 cm. | ||
| 502 | |a Tesis (M.A.)--Universidad Nacional del Sur. Departamento de Ingeniería Química, 1995. | ||
| 500 | |a Director de tesis: Dra. Susana B. Bottini. | ||
| 504 | |a Incluye referencias bibliográficas. | ||
| 100 | 1 | |a Din, Clara Cristina. |4 dis | |
| 710 | 2 | |a Universidad Nacional del Sur (UNS). |b Dto. de Ingeniería Química |4 dgg. | |
| 650 | 4 | |a Termodinámica |x Tesis. | |
| 650 | 4 | |a Termodinámica |x Propiedades. | |
| 650 | 4 | |a Termodinámica |x Aceites. | |
| 650 | 4 | |a Thermodinamics |x Thesis. | |
| 650 | 4 | |a Thermodinamics |x Properties. | |
| 650 | 4 | |a Thermodinamics |x Oils. | |
| 040 | |a AR-BbSID |b spa |c AR-BbSID | ||
| 859 | |a AR-BbSID |b BIB. PLAPIQUI |h 541.341 |i D 54 |p 4393 | ||
